000 00504nam a22001817a 4500
003 NUST - PNEC
005 20170116180934.0
008 150906b xxu||||| |||| 00| 0 eng d
020 _a9812530754
040 _cLIBRARY
082 _a621.319 KIM
100 _98418
_aKimbark, Edward Wilson
245 _aPower system stability: Power circuit breakers & protective relays: Vol 2
_cEdward Wilson Kimbark
250 _aVol 2
260 _cc.1995
650 _98424
_aPower System
_xEE
942 _2ddc
_cBK
999 _c65992
_d65992